000 00841nam a22002417a 4500
008 081212t xxu||||| |||| 00| 0beng d
010 _aENG-98116
020 _c150.00
_a9788174733832
035 _aEN-81649
037 _bDBAD / PUB
040 _adpl
_bEnglish
082 _a380.103
100 _93724
_aJain, Naveen Chand
245 _aDictionary of commerce /
_cby Naveen Chand Jain
260 _aDelhi
_bA.I.T.B.S. Publishers
_c2009
270 _aJ-5/6, Krishan Nagar,
_bDelhi
_e110051
300 _aviii,377p.
_c23cm (pbk)
600 _aBaba Visakha Singh
_xBiography.
_93725
650 _aCommerce
_96086
700 _94917
942 _2ddc
_cEN
_mJAI
_h380.103
999 _c39325
_d39325